[Event "I Festival A"]
[Site "Cattolica ITA"]
[Date "2005.06.16"]
[Round "6"]
[White "Trussardi, Giuseppe"]
[Black "Squarci, Franco"]
[Result "1-0"]
[WhiteElo "1768"]
[BlackElo "1863"]
[PlyCount "43"]
[EventDate "2005.06.11"]

1.c4 Nf6 2.Nc3 e6 3.e4 Bb4 4.Nge2 O-O 5.g3 d5 6.cxd5 exd5 7.exd5 Re8 8.Bg2
Bxc3 9.dxc3 Bg4 10.Be3 Nbd7 11.h3 Bf5 12.O-O Be4 13.c4 Ne5 14.b3 Bf3 15.
Qc2 Qd7 16.Nd4 Bxg2 17.Kxg2 c6 18.dxc6 Nxc6 19.Rad1 Nxd4 20.Bxd4 Qc6+ 21.
f3 Nd7 22.Qf2 {...} 1-0

[Event "I Festival A"]
[Site "Cattolica ITA"]
[Date "2005.06.16"]
[Round "6"]
[White "Volpinari, Danilo"]
[Black "Fratino, Lorenzo"]
[Result "1/2-1/2"]
[WhiteElo "2044"]
[BlackElo "1915"]
[PlyCount "72"]
[EventDate "2005.06.11"]

1.e4 d5 2.exd5 Nf6 3.d4 Nxd5 4.c4 Nb6 5.Nc3 Nc6 6.Be3 g6 7.Nf3 Bg4 8.Be2 
Bxf3 9.Bxf3 Nxc4 10.Qa4 Nb6 11.Bxc6+ bxc6 12.Qxc6+ Qd7 13.Qxd7+ Kxd7 14.
Rc1 c6 15.Ke2 Bg7 16.Rhd1 f5 17.d5 cxd5 18.Nxd5 Nxd5 19.Rxd5+ Ke6 20.Rb5 
Rhb8 21.Rxb8 Rxb8 22.b3 Kd7 23.Rc4 a6 24.Kd3 Ra8 25.h3 e5 26.f3 Bf8 27.Bc1
Bd6 28.Rh4 h5 29.Ra4 Kc6 30.Bg5 Kd5 31.Ra5+ Kc6 32.Bf6 Kb6 33.Rd5 Kc6 34.
Ra5 Kb6 35.Rd5 Kc6 36.Ra5 Kb6 1/2-1/2

[Event "I Festival A"]
[Site "Cattolica ITA"]
[Date "2005.06.16"]
[Round "6"]
[White "Weinberg, Emanuele"]
[Black "Bellincampi, Stefano"]
[Result "1-0"]
[WhiteElo "1926"]
[BlackElo "2077"]
[PlyCount "97"]
[EventDate "2005.06.11"]

1.d4 Nf6 2.c4 e6 3.g3 d5 4.Bg2 Bb4+ 5.Bd2 Be7 6.Nf3 O-O 7.O-O Nbd7 8.Nc3 
c6 9.cxd5 exd5 10.Bf4 Re8 11.a3 Nf8 12.Rc1 Ng6 13.Bg5 h6 14.Bxf6 Bxf6 15.
e3 Bg4 16.Na4 Re7 17.h3 Bf5 18.Nc5 Nf8 19.Ne1 Rc8 20.b4 b6 21.Nb3 Qd7 22.
Kh2 Ne6 23.Nd3 Ng5 24.Nf4 Be4 25.h4 Nh7 26.Qh5 g5 27.Bh3 Bf5 28.Bxf5 Qxf5 
29.Ng2 Kg7 30.Nd2 Rec7 31.Qf3 Qe6 32.Nb3 Be7 33.Rfd1 Nf6 34.Ne1 Ng4+ 35.
Kg2 gxh4 36.gxh4 Bxh4 37.Nd3 Qg6 38.Kh3 f5 39.Kxh4 Qg5+ 40.Kh3 Kh7 41.Nf4 
Rg7 42.Rg1 Rcg8 43.Rg2 Qe7 44.Rcg1 Qf7 45.Qg3 Rg5 46.Qh4 Qe8 47.Nd2 Qe7 
48.Nf3 Nxf2+ 49.Qxf2 1-0

[Event "I Festival A"]
[Site "Cattolica ITA"]
[Date "2005.06.17"]
[Round "7"]
[White "Baldelli, Alex"]
[Black "Pircher, Karl"]
[Result "1/2-1/2"]
[WhiteElo "1901"]
[BlackElo "2037"]
[PlyCount "51"]
[EventDate "2005.06.11"]

1.d4 d5 2.c4 e6 3.Nc3 c6 4.Nf3 Nf6 5.Bg5 Nbd7 6.e3 Qa5 7.Nd2 Bb4 8.Qc2 O-O
9.Bh4 Re8 10.Be2 e5 11.Nb3 Qc7 12.O-O dxc4 13.Bxc4 exd4 14.Nxd4 Bd6 15.h3 
Ne5 16.Bb3 Ng6 17.Bxf6 gxf6 18.Nf5 Bf8 19.Rad1 Qe5 20.Nd4 Nh4 21.Nce2 Bd6 
22.Ng3 Qg5 23.Nde2 Bc7 24.a4 Re7 25.f4 Qg7 26.Rf2 1/2-1/2

[Event "I Festival A"]
[Site "Cattolica ITA"]
[Date "2005.06.17"]
[Round "7"]
[White "Barlocco, Carlo"]
[Black "Friedrich, Norbert"]
[Result "1/2-1/2"]
[WhiteElo "2195"]
[BlackElo "2303"]
[PlyCount "60"]
[EventDate "2005.06.11"]

1.Nc3 c5 2.b3 Nc6 3.Bb2 Nf6 4.e4 d6 5.f4 a6 6.Nf3 Bg4 7.Be2 e6 8.O-O Be7 
9.Qe1 Nh5 10.h3 Bxf3 11.Rxf3 Nd4 12.Rf2 Nf6 13.Bd3 Nd7 14.Ne2 Bh4 15.g3 
Bf6 16.Nxd4 Bxd4 17.Bxd4 cxd4 18.Bf1 Qa5 19.c4 O-O 20.d3 Qxe1 21.Rxe1 a5 
22.a3 Rfb8 23.e5 Ra6 24.Re4 dxe5 25.fxe5 Rb6 26.Rb2 Nc5 27.Rxd4 Na4 28.Rb1
Nc3 29.Rb2 Na4 30.Rb1 Nc3 1/2-1/2

[Event "I Festival A"]
[Site "Cattolica ITA"]
[Date "2005.06.17"]
[Round "7"]
[White "Battistella, Stefano"]
[Black "Schaefer, Michael"]
[Result "1/2-1/2"]
[WhiteElo "2055"]
[BlackElo "2202"]
[PlyCount "44"]
[EventDate "2005.06.11"]

1.c4 g6 2.Nc3 Bg7 3.g3 f5 4.d4 Nf6 5.Bg2 O-O 6.Nh3 d6 7.d5 Na6 8.O-O Qe8 
9.Rb1 Nc5 10.Nb5 Qd8 11.Nd4 e5 12.dxe6 c6 13.Ng5 Qe7 14.Bf4 Nh5 15.Nxc6 
bxc6 16.Bxd6 Qxg5 17.e7 Ne4 18.exf8=Q+ Bxf8 19.Bxf8 Kxf8 20.Qd4 Qf6 21.
Rfd1 Be6 22.Qxf6+ Nhxf6 1/2-1/2

[Event "I Festival A"]
[Site "Cattolica ITA"]
[Date "2005.06.17"]
[Round "7"]
[White "Bellincampi, Stefano"]
[Black "Calza, Gabriele"]
[Result "1/2-1/2"]
[WhiteElo "2077"]
[BlackElo "1790"]
[PlyCount "73"]
[EventDate "2005.06.11"]

1.e4 c5 2.Nf3 e6 3.c3 Nf6 4.e5 Nd5 5.Bc4 d6 6.d4 cxd4 7.cxd4 Be7 8.O-O O-O
9.Qe2 Nc6 10.Rd1 Bd7 11.Bd2 Rc8 12.Nc3 Nxc3 13.Bxc3 Qc7 14.Bd3 dxe5 15.
dxe5 Nb8 16.h4 Bc6 17.Ng5 g6 18.Qg4 Bxg5 19.Qxg5 Rfe8 20.h5 Qe7 21.Qg4 Bd5
22.Re1 Nd7 23.Re3 f5 24.exf6 Nxf6 25.Bxf6 Qxf6 26.hxg6 h6 27.Rae1 Kg7 28.
Re5 Rf8 29.Qg3 Qf4 30.Qxf4 Rxf4 31.a3 Rg4 32.g3 Rd4 33.R5e3 h5 34.Be4 Bxe4
35.Rxe4 Rxe4 36.Rxe4 Rc6 37.Kg2 1/2-1/2

[Event "I Festival A"]
[Site "Cattolica ITA"]
[Date "2005.06.17"]
[Round "7"]
[White "Bonani, Georg"]
[Black "Raineri, Valerio"]
[Result "0-1"]
[WhiteElo "1897"]
[BlackElo "2145"]
[PlyCount "70"]
[EventDate "2005.06.11"]

1.e4 e5 2.f4 exf4 3.Bc4 Qh4+ 4.Kf1 d6 5.Nf3 Qh5 6.d4 g5 7.h4 h6 8.c3 Ne7 
9.Qe1 Bg7 10.Be2 g4 11.Nh2 Ng6 12.Qf2 f5 13.Bxf4 fxe4 14.g3 O-O 15.Qe3 Be5
16.dxe5 dxe5 17.Qc5 Be6 18.Ke1 b6 19.Qxc7 exf4 20.Qd6 Qe5 21.Qxe5 Nxe5 22.
gxf4 Rxf4 23.Rf1 Nf3+ 24.Kd1 Nc6 25.Nd2 Rd8 26.Nxf3 exf3 27.Bb5 Ne5 28.Kc1
f2 29.Nb3 g3 30.Nd4 Bh3 31.Kc2 g2 32.Rfd1 f1=Q 33.Bxf1 gxf1=Q 34.Rxf1 Rxf1
35.Rxf1 Bxf1 0-1

[Event "I Festival A"]
[Site "Cattolica ITA"]
[Date "2005.06.17"]
[Round "7"]
[White "Brancaleoni, Maurizio"]
[Black "Cox, John J."]
[Result "1/2-1/2"]
[WhiteElo "2296"]
[BlackElo "2322"]
[PlyCount "64"]
[EventDate "2005.06.11"]

1.d4 Nf6 2.Bg5 e6 3.Nd2 c5 4.Ne4 d5 5.Nxc5 Bxc5 6.dxc5 Qa5+ 7.c3 Qxc5 8.
Nf3 Nc6 9.Bxf6 gxf6 10.e3 Bd7 11.Nd4 Qb6 12.Qb3 Qxb3 13.axb3 Ke7 14.g3 a5 
15.Bg2 Rhc8 16.Kd2 b6 17.Rhe1 f5 18.h3 Rg8 19.c4 Nxd4 20.exd4 Kd6 21.cxd5 
exd5 22.Bf3 Rae8 23.Rxe8 Rxe8 24.h4 h6 25.Rc1 f6 26.Rc3 f4 27.gxf4 Bf5 28.
Bg2 Rg8 29.Rg3 Rc8 30.Rc3 Rg8 31.Rg3 Rc8 32.Rc3 Rg8 1/2-1/2

[Event "I Festival A"]
[Site "Cattolica ITA"]
[Date "2005.06.17"]
[Round "7"]
[White "Cerasi, Umberto"]
[Black "De Rosa, Mariagrazia"]
[Result "0-1"]
[WhiteElo "2002"]
[BlackElo "2081"]
[PlyCount "62"]
[EventDate "2005.06.11"]

1.e4 c5 2.Nf3 d6 3.d4 cxd4 4.Nxd4 Nf6 5.Nc3 a6 6.Be2 e6 7.a4 Be7 8.O-O Nc6
9.Be3 O-O 10.f4 Qc7 11.Kh1 Re8 12.Qe1 Bd7 13.Nb3 Nb4 14.Bd3 b6 15.Qg3 Bc6 
16.e5 dxe5 17.fxe5 Nh5 18.Qf2 Qxe5 19.Qxf7+ Kh8 20.Bf4 Nxf4 21.Qxf4 Nxd3 
22.cxd3 Bd6 23.Qxe5 Bxe5 24.d4 Bf6 25.a5 Rab8 26.Rf2 Rec8 27.Rd2 bxa5 28.
Nxa5 Bd5 29.Na4 Rb4 30.Nc5 Bxd4 31.Nxa6 Ra4 0-1

[Event "I Festival A"]
[Site "Cattolica ITA"]
[Date "2005.06.17"]
[Round "7"]
[White "Dallaglio, Giovanni"]
[Black "Lucchi, Lorenzo"]
[Result "1-0"]
[WhiteElo "2038"]
[BlackElo "1870"]
[PlyCount "25"]
[EventDate "2005.06.11"]

1.d4 Nf6 2.Nf3 d5 3.c4 e6 4.Nc3 b6 5.Bg5 Be7 6.e3 Bb7 7.Qc2 Na6 8.a3 c5 9.
cxd5 cxd4 10.Nxd4 Nxd5 11.Bxe7 Kxe7 12.Bxa6 Bxa6 13.Nc6+ 1-0

[Event "I Festival A"]
[Site "Cattolica ITA"]
[Date "2005.06.17"]
[Round "7"]
[White "De Zordi, Fabio"]
[Black "Volpinari, Danilo"]
[Result "0-1"]
[WhiteElo "1733"]
[BlackElo "2044"]
[PlyCount "62"]
[EventDate "2005.06.11"]

1.c4 g6 2.g3 Bg7 3.Bg2 d6 4.Nc3 c6 5.e3 Nf6 6.Nge2 O-O 7.O-O e5 8.d3 a5 9.
b3 Na6 10.Rb1 Be6 11.h3 Qd7 12.Kh2 d5 13.Bb2 Rfd8 14.Qc1 dxc4 15.dxc4 Qc7 
16.a3 Nc5 17.Qc2 Rd7 18.Ng1 Rad8 19.Nf3 Bf5 20.e4 Nfxe4 21.Nh4 Rd2 22.Qc1 
Nd3 23.Bxe4 Nxc1 24.Bxc1 Bxe4 25.Nxe4 Re2 26.Be3 f5 27.Nc5 Qe7 28.b4 axb4 
29.axb4 f4 30.gxf4 Qxh4 31.Ne6 Rxe3 0-1

[Event "I Festival A"]
[Site "Cattolica ITA"]
[Date "2005.06.17"]
[Round "7"]
[White "Dittmar, Peter"]
[Black "Sautto, Daniele"]
[Result "1/2-1/2"]
[WhiteElo "2319"]
[BlackElo "2119"]
[PlyCount "93"]
[EventDate "2005.06.11"]

1.c4 e6 2.g3 Nf6 3.Bg2 d5 4.Nf3 Be7 5.O-O O-O 6.b3 b6 7.Bb2 Bb7 8.e3 dxc4 
9.bxc4 c5 10.Qe2 Nc6 11.d3 Qc7 12.Nc3 Rad8 13.Rfd1 Rd7 14.Ne1 Rfd8 15.f4 
Qb8 16.g4 Nb4 17.Bxb7 Qxb7 18.g5 Ne8 19.a3 Nc6 20.Rab1 Nd6 21.Kf2 Nf5 22.
Ne4 a6 23.Qg4 b5 24.Nf6+ Bxf6 25.gxf6 g6 26.e4 Nfd4 27.Qg5 Kh8 28.cxb5 
axb5 29.Bxd4 Nxd4 30.Qxc5 Rc7 31.Qb4 Qa7 32.Kf1 Nc2 33.Nxc2 Rxc2 34.Rd2 
Rxd2 35.Qxd2 Qxa3 36.Ke2 Qc5 37.Kf3 Qd4 38.Rxb5 Qxf6 39.Ke2 Kg8 40.Rb3 Qh4
41.Kd1 Ra8 42.Kc2 h5 43.Kb2 Qh3 44.Ra3 Rb8+ 45.Rb3 Ra8 46.Ra3 Rb8+ 47.Rb3 
1/2-1/2

[Event "I Festival A"]
[Site "Cattolica ITA"]
[Date "2005.06.17"]
[Round "7"]
[White "Fratino, Lorenzo"]
[Black "Nardi, Marco"]
[Result "1/2-1/2"]
[WhiteElo "1915"]
[BlackElo "2017"]
[PlyCount "49"]
[EventDate "2005.06.11"]

1.e4 e5 2.d4 exd4 3.Qxd4 Nc6 4.Qe3 Nf6 5.Nc3 Bb4 6.Bd2 O-O 7.O-O-O Re8 8.
Bc4 d6 9.Nh3 Bxc3 10.Bxc3 Nxe4 11.Qf3 Re7 12.Bxf7+ Rxf7 13.Qxe4 Bxh3 14.
gxh3 Rxf2 15.Qe6+ Rf7 16.Bxg7 Kxg7 17.Rhg1+ Kf8 18.Qh6+ Ke7 19.Rge1+ Ne5 
20.Rxe5+ dxe5 21.Qg5+ Ke8 22.Rxd8+ Rxd8 23.Qxe5+ Kd7 24.Qd5+ Ke8 25.Qe5+ 
1/2-1/2

[Event "I Festival A"]
[Site "Cattolica ITA"]
[Date "2005.06.17"]
[Round "7"]
[White "Fronzi, Ettore"]
[Black "Solaroli, Riccardo"]
[Result "0-1"]
[WhiteElo "1790"]
[BlackElo "1963"]
[PlyCount "90"]
[EventDate "2005.06.11"]

1.d4 Nf6 2.Nf3 g6 3.c4 Bg7 4.g3 d5 5.cxd5 Nxd5 6.e4 Nb6 7.h3 O-O 8.a4 a5 
9.Be3 Nc6 10.Nc3 e5 11.Nb5 Nxd4 12.Nfxd4 exd4 13.Nxd4 Re8 14.f3 Qd6 15.Kf2
Rd8 16.Nb5 Qxd1 17.Rxd1 Rxd1 18.Nxc7 Bd4 19.Bxd4 Rxd4 20.Nxa8 Nxa8 21.Bb5 
Bd7 22.Ke3 Rd6 23.e5 Rd5 24.Ke4 Nb6 25.Bxd7 Rxd7 26.b3 Rc7 27.Rb1 Kf8 28.
g4 Ke7 29.h4 Nd7 30.g5 Ke6 31.f4 Nc5+ 32.Kd4 Kf5 33.Ke3 Rd7 34.b4 Rd3+ 35.
Ke2 axb4 36.Rxb4 Rh3 37.Rb5 Nxa4 38.Rxb7 Ke6 39.Ra7 Nc3+ 40.Kd2 Ne4+ 41.
Ke2 Nc3+ 42.Kd2 Nd5 43.Ra6+ Kf5 44.Ra7 Rxh4 45.Rxf7+ Ke6 0-1

[Event "I Festival A"]
[Site "Cattolica ITA"]
[Date "2005.06.17"]
[Round "7"]
[White "Gandolfi, Gianfranco"]
[Black "Torrisi, Andrea"]
[Result "1/2-1/2"]
[WhiteElo "1967"]
[BlackElo "1611"]
[PlyCount "29"]
[EventDate "2005.06.11"]

1.e4 c5 2.Nf3 Nc6 3.d4 cxd4 4.Nxd4 Nf6 5.Nc3 e5 6.Ndb5 d6 7.a4 a6 8.Na3 
Be7 9.Bc4 O-O 10.O-O Be6 11.f3 Nd4 12.Be3 Rc8 13.Bd5 Bxd5 14.Nxd5 Nxd5 15.
exd5 1/2-1/2

[Event "I Festival A"]
[Site "Cattolica ITA"]
[Date "2005.06.17"]
[Round "7"]
[White "Garofalo, Sergio"]
[Black "Russo, Carmelo"]
[Result "1-0"]
[WhiteElo "1903"]
[BlackElo "1763"]
[PlyCount "80"]
[EventDate "2005.06.11"]

1.d4 Nf6 2.Nf3 b6 3.c4 e6 4.a3 Bb7 5.Nbd2 c5 6.e3 Be7 7.Bd3 O-O 8.b3 cxd4 
9.exd4 d5 10.Bb2 Ne4 11.O-O Nxd2 12.Nxd2 Bf6 13.Nf3 Nc6 14.Rc1 a5 15.Ne5 
Ne7 16.Ng4 Ng6 17.Nxf6+ Qxf6 18.f4 Qh4 19.g3 Qh3 20.Rf2 dxc4 21.Bf1 Qh6 
22.bxc4 a4 23.Rc3 Ne7 24.g4 Qg6 25.Rg3 f5 26.gxf5 Qxf5 27.Bd3 Qf7 28.d5 
Nf5 29.Bxf5 exf5 30.Rfg2 g6 31.Qd4 Qe7 32.Rxg6+ hxg6 33.Rxg6+ Kf7 34.Rg7+ 
Ke8 35.Rxe7+ Kxe7 36.Qe5+ Kd7 37.Qe6+ Kd8 38.Qxb6+ Kc8 39.Qe6+ Kb8 40.Qd6+
Ka7 1-0

[Event "I Festival A"]
[Site "Cattolica ITA"]
[Date "2005.06.17"]
[Round "7"]
[White "Grau, Peter"]
[Black "Weinberg, Emanuele"]
[Result "1-0"]
[WhiteElo "2082"]
[BlackElo "1926"]
[PlyCount "145"]
[EventDate "2005.06.11"]

1.e4 Nf6 2.e5 Nd5 3.d4 d6 4.c4 Nb6 5.f4 dxe5 6.fxe5 Nc6 7.Be3 Bf5 8.Nc3 e6
9.Nf3 Be7 10.Be2 O-O 11.O-O f6 12.exf6 Bxf6 13.h3 Qe7 14.g4 Qd6 15.Bf2 
Bxg4 16.hxg4 Qf4 17.Kg2 Qxg4+ 18.Bg3 Nxd4 19.Nxd4 Qxd4 20.Qxd4 Bxd4 21.Bg4
e5 22.Be6+ Kh8 23.Rxf8+ Rxf8 24.Rf1 Rxf1 25.Kxf1 c6 26.Ke2 g6 27.Kd3 Kg7 
28.b3 Kf6 29.Bh3 Ke7 30.Ne4 h6 31.Bg4 Nd7 32.Bh4+ g5 33.Bg3 Nf8 34.Bf5 Ne6
35.Bh2 Ng7 36.Bc8 b6 37.Bh3 Ne6 38.Bg4 Ng7 39.Ng3 Kf6 40.Ke4 Ne8 41.Nf5 b5
42.cxb5 cxb5 43.Nxd4 exd4 44.Kxd4 Kg6 45.Be5 Nf6 46.Bxf6 Kxf6 47.b4 Kg6 
48.Ke5 h5 49.Bf5+ Kh6 50.Be4 g4 51.Kf4 Kg7 52.Bc6 Kf8 53.Bxb5 Ke7 54.Bc4 
Kf6 55.a4 Ke7 56.Bb3 Kf6 57.Bd5 Ke7 58.Bc6 Kf8 59.Kg3 Ke7 60.Bb5 Ke6 61.
Be8 Kd5 62.Bxh5 Kc4 63.Kxg4 Kxb4 64.Be8 Ka5 65.Kf4 Kb4 66.Ke5 Kc5 67.Bd7 
Kb6 68.Kd6 a6 69.Kd5 Kc7 70.Bg4 Kb6 71.Kc4 Ka5 72.Kb3 Kb6 73.Kb4 1-0

[Event "I Festival A"]
[Site "Cattolica ITA"]
[Date "2005.06.17"]
[Round "7"]
[White "Isonzo, David"]
[Black "Okhotnik, Vladimir"]
[Result "1/2-1/2"]
[WhiteElo "2325"]
[BlackElo "2417"]
[PlyCount "21"]
[EventDate "2005.06.11"]

1.Nf3 d5 2.d4 Bf5 3.c4 e6 4.Nc3 c6 5.Qb3 Qb6 6.c5 Qxb3 7.axb3 Na6 8.Ra4 
Bc2 9.e4 dxe4 10.Bxa6 bxa6 11.Ne5 1/2-1/2

[Event "I Festival A"]
[Site "Cattolica ITA"]
[Date "2005.06.17"]
[Round "7"]
[White "Lazarev, Vladimir"]
[Black "Popa, Claudiu"]
[Result "1/2-1/2"]
[WhiteElo "2507"]
[BlackElo "2186"]
[PlyCount "106"]
[EventDate "2005.06.11"]

1.c4 e6 2.d4 d5 3.Nc3 Nf6 4.cxd5 exd5 5.Bg5 Be7 6.e3 c6 7.Qc2 Nbd7 8.Bd3 
O-O 9.Nf3 Re8 10.h3 Nf8 11.Bf4 Bd6 12.Bxd6 Qxd6 13.O-O-O a5 14.Kb1 Qb4 15.
g4 a4 16.g5 N6d7 17.a3 Qa5 18.h4 b5 19.Na2 Bb7 20.h5 c5 21.dxc5 Rac8 22.g6
fxg6 23.hxg6 h6 24.Nd4 Rxc5 25.Qe2 Ne6 26.Nf5 Nf6 27.Nd6 Re7 28.Nxb7 Rxb7 
29.Nb4 Re7 30.Qf3 Qb6 31.Rc1 Rec7 32.Rxc5 Rxc5 33.Rd1 Qd6 34.Qe2 Nc7 35.f4
Qe6 36.Bc2 Qg4 37.Qd2 Rc4 38.Nd3 Nd7 39.e4 d4 40.Nf2 Qg3 41.Bd3 Rc6 42.e5 
Nc5 43.Ne4 Qxd3+ 44.Qxd3 Nxd3 45.Rxd3 Rxg6 46.f5 Rg1+ 47.Kc2 Nd5 48.Nd6 
Ne3+ 49.Kd2 Rg2+ 50.Kc1 Rg1+ 51.Kd2 Rg2+ 52.Kc1 Rg1+ 53.Kd2 Rg2+ 1/2-1/2

[Event "I Festival A"]
[Site "Cattolica ITA"]
[Date "2005.06.17"]
[Round "7"]
[White "Leali, Claudio"]
[Black "Squarci, Franco"]
[Result "0-1"]
[WhiteElo "1702"]
[BlackElo "1863"]
[PlyCount "112"]
[EventDate "2005.06.11"]

1.e4 e6 2.d4 d5 3.exd5 exd5 4.Bd3 Nf6 5.Nf3 Bd6 6.Bg5 h6 7.Bh4 g5 8.Bg3 
Bxg3 9.hxg3 Bg4 10.Nbd2 Qe7+ 11.Qe2 Qxe2+ 12.Bxe2 Nbd7 13.O-O-O O-O-O 14.
Rde1 Rde8 15.Bd3 Rxe1+ 16.Rxe1 Kd8 17.Ne5 Nxe5 18.Rxe5 Re8 19.Rxe8+ Kxe8 
20.Nf1 Ke7 21.Ne3 h5 22.f3 Bd7 23.Kd2 c6 24.b3 Ng8 25.a4 Nh6 26.c4 Be6 27.
c5 f5 28.b4 Kf6 29.b5 f4 30.gxf4 gxf4 31.Nf1 Bf5 32.Be2 h4 33.Kc3 Bc8 34.
bxc6 bxc6 35.Kb4 Nf5 36.Kc3 Ng3 37.Bd3 Bf5 38.Nh2 Bc8 39.Kb4 Ke7 40.Ka5 
Kd8 41.Nf1 Kc7 42.Nxg3 fxg3 43.Bf1 Bf5 44.f4 Bc2 45.Kb4 Kd7 46.a5 Ke6 47.
Kc3 Bb1 48.Kd2 Kf5 49.Ke3 Bc2 50.a6 Be4 51.Kd2 Kxf4 52.Ke2 Bf5 53.Kd2 Bg4 
54.Kd3 Bh5 55.Kd2 Ke4 56.Kc3 Ke3 0-1

[Event "I Festival A"]
[Site "Cattolica ITA"]
[Date "2005.06.17"]
[Round "7"]
[White "Magalotti, Andrea"]
[Black "Pivotto, Carlo"]
[Result "1/2-1/2"]
[WhiteElo "2169"]
[BlackElo "1802"]
[PlyCount "96"]
[EventDate "2005.06.11"]

1.d4 g6 2.c4 Bg7 3.e4 c5 4.d5 d6 5.Nc3 Nf6 6.Nge2 O-O 7.Ng3 a6 8.f3 e6 9.
dxe6 Bxe6 10.Bf4 Qb6 11.Qd2 Nc6 12.Bd3 Ne5 13.b3 Rad8 14.Bc2 Rfe8 15.O-O 
Qa5 16.Rac1 b5 17.cxb5 axb5 18.Rfd1 b4 19.Nce2 Qb6 20.Kh1 h5 21.Qe1 h4 22.
Nf1 h3 23.Bg5 hxg2+ 24.Kxg2 d5 25.f4 Nc6 26.e5 Nh5 27.Nfg3 Bg4 28.Nxh5 
Bxh5 29.Bxd8 Qxd8 30.Be4 Nd4 31.Nxd4 Bxd1 32.Nc6 Qa8 33.Bxd5 Qxa2+ 34.Qf2 
Qxf2+ 35.Kxf2 Bg4 36.Rxc5 Bf8 37.Rb5 Be6 38.Nxb4 Bd7 39.Rb7 Rd8 40.Be4 
Bc5+ 41.Kf3 Be6 42.Nd3 Bf8 43.Ke3 Rc8 44.b4 Rc3 45.Kd4 Rc4+ 46.Ke3 Rc3 47.
Kd4 Rc4+ 48.Ke3 Rc3 1/2-1/2

[Event "I Festival A"]
[Site "Cattolica ITA"]
[Date "2005.06.17"]
[Round "7"]
[White "Manconi, Antonio"]
[Black "Savarese, Vincenzo"]
[Result "1-0"]
[WhiteElo "1972"]
[BlackElo "1730"]
[PlyCount "97"]
[EventDate "2005.06.11"]

1.e4 e6 2.d3 d5 3.Qe2 Be7 4.Nf3 Nf6 5.g3 c5 6.Bg2 Nc6 7.O-O O-O 8.e5 Nd7 
9.c4 Re8 10.Re1 Nf8 11.h4 h6 12.Nbd2 Nb4 13.Nf1 dxc4 14.dxc4 Qd3 15.Bd2 
Qxe2 16.Rxe2 Nc2 17.Rb1 Nd4 18.Nxd4 cxd4 19.Be1 a5 20.f4 Bc5 21.Bf2 Ng6 
22.Rd2 Rd8 23.Rbd1 Ne7 24.Bxd4 Rxd4 25.Rxd4 Nf5 26.Be4 Nxd4 27.Kg2 Ra7 28.
Ne3 b6 29.f5 Bb7 30.Bxb7 Rxb7 31.f6 g6 32.Ng4 Kh7 33.a3 a4 34.Nf2 Rd7 35.
Ne4 Rd8 36.Nc3 Nc6 37.Rxd8 Nxd8 38.Nxa4 Nc6 39.b4 Bd4 40.Kf3 Nxe5+ 41.Ke4 
Ba1 42.Nxb6 Ng4 43.Nd7 Bb2 44.c5 Nxf6+ 45.Nxf6+ Bxf6 46.c6 Bd8 47.a4 Kg7 
48.a5 Kf6 49.a6 1-0

[Event "I Festival A"]
[Site "Cattolica ITA"]
[Date "2005.06.17"]
[Round "7"]
[White "Marini, Lucio"]
[Black "Rocchetti, Marco"]
[Result "0-1"]
[WhiteElo "1527"]
[BlackElo "1937"]
[PlyCount "46"]
[EventDate "2005.06.11"]

1.d4 d6 2.c4 e5 3.Nc3 exd4 4.Qxd4 Nc6 5.Qd1 g6 6.e4 Bg7 7.Be3 Nge7 8.Nge2 
O-O 9.Nf4 f5 10.Bd3 fxe4 11.Bxe4 Nf5 12.Bxf5 Bxf5 13.O-O Qh4 14.g3 Qf6 15.
Nfd5 Qf7 16.Qd2 Ne5 17.f3 Bh3 18.Rf2 Nxf3+ 19.Rxf3 Qxf3 20.Nf4 Rxf4 21.
gxf4 Bxc3 22.bxc3 Re8 23.Re1 Rxe3 0-1

[Event "I Festival A"]
[Site "Cattolica ITA"]
[Date "2005.06.17"]
[Round "7"]
[White "Napoli, Nicolo'"]
[Black "Orfei, Rolando"]
[Result "1-0"]
[WhiteElo "2205"]
[BlackElo "1943"]
[PlyCount "63"]
[EventDate "2005.06.11"]

1.e4 e6 2.d4 d5 3.Nc3 Bb4 4.Ne2 dxe4 5.a3 Be7 6.Nxe4 Nf6 7.N2g3 Nbd7 8.Bd3
O-O 9.O-O Nxe4 10.Nxe4 Nf6 11.c3 c6 12.Qe2 Qc7 13.Bg5 Nxe4 14.Bxe7 Qxe7 
15.Qxe4 g6 16.h4 b6 17.Rfe1 Bb7 18.Qf4 h5 19.Re5 Rad8 20.Rae1 Rd5 21.Rxd5 
cxd5 22.Re5 Kg7 23.Qg3 Qe8 24.Rxh5 f6 25.f4 Bc8 26.f5 g5 27.Be2 exf5 28.
hxg5 fxg5 29.Rxg5+ Kf6 30.Rg7 Rf7 31.Rg6+ Ke7 32.Qd6# 1-0

[Event "I Festival A"]
[Site "Cattolica ITA"]
[Date "2005.06.17"]
[Round "7"]
[White "Radovanovic, Jovica"]
[Black "Frilli, Guido"]
[Result "0-1"]
[WhiteElo "2340"]
[BlackElo "2117"]
[PlyCount "106"]
[EventDate "2005.06.11"]

1.e4 c5 2.Nf3 Nc6 3.d4 cxd4 4.Nxd4 Nf6 5.Nc3 e5 6.Ndb5 d6 7.Bg5 a6 8.Na3 
b5 9.Nd5 Be7 10.Bxf6 Bxf6 11.c3 O-O 12.Nc2 Rb8 13.Bd3 Be6 14.O-O Bg5 15.
Nce3 Bxe3 16.Nxe3 Ne7 17.Bc2 Qc7 18.Qd3 Bc4 19.Qd2 Bxf1 20.Rxf1 Qc5 21.Rd1
Rbd8 22.Bb3 a5 23.Nf5 Nxf5 24.exf5 d5 25.Bxd5 Kh8 26.b3 Rd6 27.c4 bxc4 28.
bxc4 Rb6 29.g4 h6 30.h4 Qa3 31.Kg2 Rb2 32.Qe1 Qe7 33.Qe3 Qxh4 34.Bf3 e4 
35.Be2 Qe7 36.Rh1 Kg8 37.c5 Rd8 38.Bc4 Rdd2 39.Rf1 Qh4 40.Qf4 h5 41.Qg3 
Qxg3+ 42.Kxg3 Rbc2 43.Bb3 Rxc5 44.Kf4 hxg4 45.Kxg4 Rd4 46.Kf4 a4 47.Ke3 
Rb4 48.Bd1 Rc3+ 49.Kf4 Ra3 50.f6 Rxa2 51.fxg7 Kxg7 52.Kf5 Rd2 53.Ke5 Rb1 
0-1

[Event "I Festival A"]
[Site "Cattolica ITA"]
[Date "2005.06.17"]
[Round "7"]
[White "Ronchetti, Niccolo'"]
[Black "Laketic, Gojko"]
[Result "1/2-1/2"]
[WhiteElo "2364"]
[BlackElo "2435"]
[PlyCount "46"]
[EventDate "2005.06.11"]

1.e4 Nf6 2.e5 Nd5 3.c4 Nb6 4.d4 d6 5.f4 dxe5 6.fxe5 Nc6 7.Be3 Bf5 8.Nc3 e6
9.Be2 Be7 10.Nf3 O-O 11.O-O f6 12.exf6 Bxf6 13.Qd2 Qe7 14.Rad1 Rad8 15.Qc1
Bg4 16.Ne4 Nd7 17.Rfe1 h6 18.Nxf6+ Qxf6 19.h3 Bf5 20.a3 Nb6 21.Qc3 Be4 22.
Kh2 Rd7 23.Nd2 Bf5 1/2-1/2

[Event "I Festival A"]
[Site "Cattolica ITA"]
[Date "2005.06.17"]
[Round "7"]
[White "Safranska, Anda"]
[Black "Bellin, Robert Cecil"]
[Result "1/2-1/2"]
[WhiteElo "2298"]
[BlackElo "2397"]
[PlyCount "69"]
[EventDate "2005.06.11"]

1.e4 c5 2.Nf3 Nc6 3.Nc3 g6 4.Bb5 Bg7 5.Bxc6 bxc6 6.d3 Nf6 7.O-O O-O 8.h3 
d6 9.Nh2 e5 10.f4 exf4 11.Bxf4 Nh5 12.Be3 f5 13.exf5 Ng3 14.Rf3 Nxf5 15.
Bf2 Rb8 16.Rb1 Be6 17.Be1 Qd7 18.b3 Bd4+ 19.Kh1 Bxc3 20.Bxc3 Bd5 21.Ng4 
Nd4 22.Rf6 Be6 23.Bxd4 cxd4 24.Qf3 Bxg4 25.hxg4 Rxf6 26.Qxf6 Qxg4 27.Rf1 
Qh5+ 28.Kg1 Qe5 29.Qf7+ Kh8 30.Qxa7 Qe3+ 31.Kh1 Qh6+ 32.Kg1 Qe3+ 33.Kh1 
Qh6+ 34.Kg1 Qe3+ 35.Kh1 1/2-1/2

[Event "I Festival A"]
[Site "Cattolica ITA"]
[Date "2005.06.17"]
[Round "7"]
[White "Sautto, Alessandra"]
[Black "Trussardi, Giuseppe"]
[Result "1-0"]
[WhiteElo "1968"]
[BlackElo "1768"]
[PlyCount "95"]
[EventDate "2005.06.11"]

1.d4 Nf6 2.Nf3 b6 3.Nbd2 Bb7 4.e3 e6 5.Bd3 Be7 6.e4 d6 7.O-O O-O 8.c3 a6 
9.Re1 Nfd7 10.Qe2 e5 11.dxe5 dxe5 12.Nf1 Bf6 13.Ng3 g6 14.Bh6 Re8 15.Rad1 
Qe7 16.Bc4 Nc5 17.Rd2 a5 18.Red1 Nba6 19.a3 a4 20.Ne1 Rad8 21.Nc2 Rxd2 22.
Rxd2 Rd8 23.Rxd8+ Qxd8 24.Ne3 c6 25.Ng4 Bh8 26.Qf3 Ne6 27.h4 Nac5 28.h5 g5
29.Nf5 b5 30.Bxe6 Nxe6 31.Qg3 f6 32.Qe3 c5 33.Kh2 Bc6 34.f3 Be8 35.Ng3 Qd6
36.Nf2 Qc7 37.Qd2 Nf4 38.Qe3 Nxh5 39.Nxh5 Bxh5 40.g3 Be8 41.f4 exf4 42.
gxf4 Bg7 43.Bxg7 Kxg7 44.e5 fxe5 45.fxe5 h6 46.Nd3 c4 47.Nc5 Bg6 48.Ne6+ 
1-0

[Event "I Festival A"]
[Site "Cattolica ITA"]
[Date "2005.06.17"]
[Round "7"]
[White "Straub, Peter"]
[Black "Ragnoni, Edoardo"]
[Result "1/2-1/2"]
[WhiteElo "2112"]
[BlackElo "1802"]
[PlyCount "49"]
[EventDate "2005.06.11"]

1.e4 c5 2.Nf3 d6 3.Bb5+ Bd7 4.Bxd7+ Nxd7 5.O-O Ngf6 6.Re1 Qc7 7.b3 g6 8.c3
Bg7 9.d4 cxd4 10.cxd4 e5 11.Bb2 O-O 12.Nbd2 Nh5 13.Rc1 Qb8 14.Nc4 Rd8 15.
Qd2 exd4 16.Nxd4 Ne5 17.Ne3 Nf4 18.Rc3 Bh6 19.g3 Ne6 20.Kg2 Bg7 21.Nxe6 
fxe6 22.Rc2 Rd7 23.f4 Nc6 24.Bxg7 Kxg7 25.b4 1/2-1/2